[Event "Pilsen Open 2023 - B FIDE open"]
[Site "Parkhotel Plzen ****, Plzen"]
[Date "2023.03.09"]
[Round "7"]
[Board "6"]
[White "Chinguun, Bayaraa"]
[Black "Nagrocki, Marek"]
[Result "1-0"]
[WhiteElo "2013"]
[BlackElo "1734"]
[PlyCount "55"]
[EventDate "2023.03.04"]
[EventRounds "9"]
[EventCountry "CZE"]

1. d4 d6 2. Nf3 g6 3. c4 Bg7 4. Nc3 Nc6 5. d5 Ne5 6. e4 Bg4 7. Be3 Nf6 8. Be2 Nxf3+
9. gxf3 Bd7 10. f4 e6 11. h4 exd5 12. cxd5 Qe7 13. Qd3 c5 14. h5 Rg8 15. hxg6 hxg6
16. O-O-O O-O-O 17. Bd2 Ne8 18. Bf3 f5 19. Rde1 fxe4 20. Nxe4 Bf5 21. Qa3 Qd7 22.
Qxa7 Nc7 23. a4 b5 24. Ba5 bxa4 25. Nd2 Bd3 26. Bg4 Bf5 27. Bxf5 gxf5 28. Nc4  1-0

[Event "Pilsen Open 2023 - B FIDE open"]
[Site "Parkhotel Plzen ****, Plzen"]
[Date "2023.03.09"]
[Round "7"]
[Board "7"]
[White "Auwens, Michel"]
[Black "Wojtczak, Maciej"]
[Result "0-1"]
[WhiteElo "1835"]
[BlackElo "2242"]
[PlyCount "100"]
[EventDate "2023.03.04"]
[EventRounds "9"]
[EventCountry "CZE"]

1. e4 d5 2. exd5 Nf6 3. Nf3 Nxd5 4. Bc4 c6 5. h3 Bf5 6. d3 e6 7. O-O Nd7 8. Nbd2
Be7 9. Ne4 O-O 10. Re1 Qc7 11. c3 Rfd8 12. Ng3 Bg6 13. Bxd5 cxd5 14. d4 b5 15. a3
a5 16. Bd2 Rab8 17. Rc1 Bd6 18. Nf1 Nb6 19. Bg5 Rdc8 20. Bh4 Na4 21. Qd2 Qc4 22.
Ne3 Qb3 23. Nd1 b4 24. axb4 axb4 25. Bg3 Bxg3 26. fxg3 Qa2 27. cxb4 Rxc1 28. Qxc1
Qb3 29. Kh2 Qxb4 30. Re2 Be4 31. Ne5 Qb7 32. Rf2 f6 33. Ng4 Rc8 34. Qd2 Nb6 35. Qb4
Qc7 36. Nc3 h5 37. Nb5 Qd8 38. Ne3 Nc4 39. Nxc4 Rxc4 40. Qb3 Qb6 41. Rf4 Bg6 42.
Rf3 Be8 43. Na3 Qxb3 44. Rxb3 Rxd4 45. Rb8 Kf7 46. Nb5 Bxb5 47. Rxb5 e5 48. Kg1 Rd2
49. Kf1 d4 50. Rb7+ Kg6  0-1

[Event "Pilsen Open 2023 - B FIDE open"]
[Site "Parkhotel Plzen ****, Plzen"]
[Date "2023.03.09"]
[Round "7"]
[Board "9"]
[White "Schindele, Andreas"]
[Black "Bergerhoff, Andreas"]
[Result "1/2-1/2"]
[WhiteElo "1856"]
[BlackElo "2016"]
[PlyCount "39"]
[EventDate "2023.03.04"]
[EventRounds "9"]
[EventCountry "CZE"]

1. d4 f5 2. Nf3 Nf6 3. c3 e6 4. Bg5 Be7 5. Bxf6 Bxf6 6. e3 O-O 7. Nbd2 d5 8. Qc2
Nd7 9. Bd3 Qe7 10. c4 c6 11. a4 g6 12. Ra2 e5 13. dxe5 Nxe5 14. Nxe5 Bxe5 15. O-O
Be6 16. Nf3 Bf6 17. a5 a6 18. Ra4 dxc4 19. Bxc4 Rad8 20. h3  1/2-1/2

[Event "Pilsen Open 2023 - B FIDE open"]
[Site "Parkhotel Plzen ****, Plzen"]
[Date "2023.03.09"]
[Round "7"]
[Board "10"]
[White "Weijers, Ralf"]
[Black "Tavernier, Loris"]
[Result "1/2-1/2"]
[WhiteElo "1890"]
[BlackElo "2006"]
[PlyCount "52"]
[EventDate "2023.03.04"]
[EventRounds "9"]
[EventCountry "CZE"]

1. e4 c6 2. Bc4 d5 3. Bb3 dxe4 4. Qh5 g6 5. Qh4 Nf6 6. Nc3 Nbd7 7. Nxe4 Bg7 8. f3
a5 9. a3 O-O 10. Ne2 Nxe4 11. fxe4 Nc5 12. Ba2 Bf6 13. Qf4 e5 14. Qe3 Ne6 15. O-O
Bg7 16. d3 Qc7 17. Bd2 b5 18. c3 c5 19. Bd5 Rb8 20. Rac1 Qd6 21. b4 cxb4 22. cxb4
a4 23. Rc6 Qe7 24. Bxe6 Bxe6 25. Rfc1 Rfd8 26. R1c3 Rd7  1/2-1/2

[Event "Pilsen Open 2023 - B FIDE open"]
[Site "Parkhotel Plzen ****, Plzen"]
[Date "2023.03.09"]
[Round "7"]
[Board "11"]
[White "Marynychenko, Yehor"]
[Black "Boeren, Jurriaan"]
[Result "1-0"]
[WhiteElo "1620"]
[BlackElo "1998"]
[PlyCount "55"]
[EventDate "2023.03.04"]
[EventRounds "9"]
[EventCountry "CZE"]

1. e4 e5 2. Nc3 Nf6 3. f4 d5 4. fxe5 Nxe4 5. Nf3 Be7 6. d4 c5 7. Bb5+ Nc6 8. O-O
O-O 9. Bxc6 bxc6 10. Be3 cxd4 11. Nxd4 Nxc3 12. bxc3 Qc7 13. Qd2 Bd7 14. Bf4 Qa5
15. Qe3 c5 16. Nb3 Qb6 17. Kh1 a5 18. a4 Rad8 19. Bg5 d4 20. Qf4 Bxg5 21. Qxg5 d3
22. Nxc5 Qxc5 23. Rxf7 Kxf7 24. e6+ Bxe6 25. Qxc5 d2 26. Rd1 Kg8 27. Qe3 Bd7 28.
Qxd2  1-0

[Event "Pilsen Open 2023 - B FIDE open"]
[Site "Parkhotel Plzen ****, Plzen"]
[Date "2023.03.10"]
[Round "8"]
[Board "1"]
[White "Kulkarni, Bhakti"]
[Black "Heinzel, Olaf"]
[Result "1/2-1/2"]
[WhiteElo "2303"]
[BlackElo "2284"]
[PlyCount "84"]
[EventDate "2023.03.04"]
[EventRounds "9"]
[EventCountry "CZE"]

1. Nf3 d5 2. g3 Nf6 3. Bg2 c6 4. c4 e6 5. b3 Be7 6. Bb2 O-O 7. O-O b5 8. Qc2 bxc4
9. bxc4 Nbd7 10. d3 Bb7 11. Nbd2 Qa5 12. Rab1 Rab8 13. Ne5 Ba8 14. Bc3 Qa6 15. Ba1
Rxb1 16. Rxb1 Rb8 17. Rxb8+ Nxb8 18. Ndf3 Nbd7 19. h3 Bb7 20. cxd5 cxd5 21. Bd4 Nxe5
22. Nxe5 Ne8 23. Qb2 Ba3 24. Qb3 Bd6 25. f4 Bc8 26. Kh2 f6 27. Nf3 Qa5 28. e4 dxe4
29. dxe4 a6 30. e5 fxe5 31. fxe5 Be7 32. Bb6 Qb4 33. Nd4 Qxb3 34. axb3 Kf7 35. Nc6
Ba3 36. Bf1 Bb2 37. Bc4 Bb7 38. Nd4 Bc8 39. Kg2 Nc7 40. Bxc7 Bxd4 41. Kf1 Bb7 42.
Ke2 g5  1/2-1/2

[Event "Pilsen Open 2023 - B FIDE open"]
[Site "Parkhotel Plzen ****, Plzen"]
[Date "2023.03.10"]
[Round "8"]
[Board "2"]
[White "Zubova, Mariya"]
[Black "Eret, Jonas"]
[Result "1/2-1/2"]
[WhiteElo "2226"]
[BlackElo "2196"]
[PlyCount "114"]
[EventDate "2023.03.04"]
[EventRounds "9"]
[EventCountry "CZE"]

1. e4 d6 2. d4 Nf6 3. Nc3 e5 4. Nf3 Nbd7 5. Bc4 Be7 6. O-O O-O 7. Re1 exd4 8. Nxd4
Ne5 9. Be2 c5 10. Nf3 Be6 11. h3 a6 12. a4 Nc6 13. Bg5 Nb4 14. Qc1 Re8 15. Rd1 Qc7
16. Bf4 Qc6 17. Ng5 d5 18. Nxe6 fxe6 19. exd5 exd5 20. Bf3 Qe6 21. Ne2 Qf5 22. c3
Nd3 23. Qb1 c4 24. Be3 Bd6 25. Nc1 Qe5 26. Nxd3 Qh2+ 27. Kf1 cxd3 28. Qxd3 Bc5 29.
Bxd5+ Kh8 30. Bf3 Bxe3 31. fxe3 Re5 32. Kf2 Rg5 33. Rg1 Re8 34. Rae1 Qg3+ 35. Ke2
Qc7 36. b3 h5 37. Rgf1 Rd8 38. Qc2 Qg3 39. c4 Re5 40. Rd1 Rde8 41. Rd3 Ne4 42. Rd5
Nd6 43. Rxe5 Qxe5 44. Qd2 Nf5 45. Kf2 Qg3+ 46. Kg1 Nxe3 47. Re1 Qg5 48. Bxb7 Re5
49. Re2 Qf4 50. Bf3 h4 51. Rf2 Qg3 52. Qd8+ Kh7 53. Qd3+ Kh8 54. Bc6 g6 55. Qd8+
Kh7 56. Qf8 Nf5 57. Qb4 a5  1/2-1/2

[Event "Pilsen Open 2023 - B FIDE open"]
[Site "Parkhotel Plzen ****, Plzen"]
[Date "2023.03.10"]
[Round "8"]
[Board "3"]
[White "Wojtczak, Maciej"]
[Black "Folkova, Martina"]
[Result "1/2-1/2"]
[WhiteElo "2242"]
[BlackElo "2044"]
[PlyCount "55"]
[EventDate "2023.03.04"]
[EventRounds "9"]
[EventCountry "CZE"]

1. Nf3 d5 2. g3 Nf6 3. Bg2 Bg4 4. d4 Nbd7 5. Ne5 Bf5 6. c4 c6 7. Nc3 e6 8. O-O Bd6
9. Bf4 Qe7 10. Nxd7 Qxd7 11. Bxd6 Qxd6 12. Qb3 O-O 13. Rfd1 Qe7 14. Rac1 Rfd8 15.
h3 h6 16. e3 dxc4 17. Qxc4 e5 18. dxe5 Qxe5 19. Qb4 Qc7 20. Qc5 Be6 21. b4 Rxd1+
22. Rxd1 Rd8 23. Rd4 Rxd4 24. Qxd4 a5 25. a3 axb4 26. axb4 b6 27. Na4 Nd7 28. Qe4
 1/2-1/2

[Event "Pilsen Open 2023 - B FIDE open"]
[Site "Parkhotel Plzen ****, Plzen"]
[Date "2023.03.10"]
[Round "8"]
[Board "5"]
[White "Folk, Petr"]
[Black "Chinguun, Bayaraa"]
[Result "0-1"]
[WhiteElo "2132"]
[BlackElo "2013"]
[PlyCount "98"]
[EventDate "2023.03.04"]
[EventRounds "9"]
[EventCountry "CZE"]

1. e4 c5 2. Nf3 d6 3. d4 cxd4 4. Nxd4 Nf6 5. Nc3 a6 6. Bg5 Nbd7 7. Qe2 Qc7 8. f4
e6 9. O-O-O Be7 10. g4 b5 11. Bxf6 Bxf6 12. g5 Be7 13. Bg2 Bb7 14. a3 Qb6 15. h4
b4 16. axb4 Qxb4 17. Rh3 Nc5 18. Na2 Qb6 19. f5 a5 20. Qb5+ Qxb5 21. Nxb5 O-O-O 22.
fxe6 fxe6 23. Ra3 a4 24. Nac3 h6 25. Nxa4 hxg5 26. Nb6+ Kb8 27. b4 Na6 28. Nd4 Rh6
29. Rf1 Kc7 30. Rf7 Kxb6 31. Rxe7 gxh4 32. Ra5 Nc7 33. Rxg7 h3 34. Bxh3 Rxh3 35.
Rxc7 Kxc7 36. Nxe6+ Kd7 37. Nxd8 Kxd8 38. e5 d5 39. Kb2 Re3 40. Rb5 Kc7 41. c3 Rxe5
42. Rc5+ Kd6 43. Rb5 Bc6 44. Rb6 Kc7 45. Ra6 Re2+ 46. Ka3 Bb5 47. Rh6 Bc4 48. b5
Ra2+ 49. Kb4 Rb2+  0-1

[Event "Pilsen Open 2023 - B FIDE open"]
[Site "Parkhotel Plzen ****, Plzen"]
[Date "2023.03.10"]
[Round "8"]
[Board "6"]
[White "Gurack, Daniel"]
[Black "Marynychenko, Yehor"]
[Result "0-1"]
[WhiteElo "2051"]
[BlackElo "1620"]
[PlyCount "96"]
[EventDate "2023.03.04"]
[EventRounds "9"]
[EventCountry "CZE"]

1. e4 c5 2. b3 Nc6 3. Bb2 e6 4. f4 d5 5. e5 Nge7 6. Nf3 Ng6 7. g3 Be7 8. Bg2 f6 9.
O-O O-O 10. exf6 Bxf6 11. Bxf6 Qxf6 12. Nc3 b6 13. Kh1 Bb7 14. Rc1 Rae8 15. Ne2 Ba6
16. d3 Nce7 17. Qd2 Nc6 18. Rce1 Bb7 19. Nc3 h6 20. Nb5 Qd8 21. a4 a6 22. Nc3 Qd6
23. Rf2 Nd4 24. Nxd4 cxd4 25. Nd1 Bc8 26. Bh3 Re7 27. Rfe2 e5 28. Bxc8 Rxc8 29. f5
Nf8 30. Nf2 Qf6 31. Ng4 Qxf5 32. Nxe5 Rce8 33. Qf4 Qxf4 34. gxf4 Ng6 35. Rf1 Nxe5
36. fxe5 Rxe5 37. Rxe5 Rxe5 38. Rf4 Re1+ 39. Kg2 Re2+ 40. Kg3 Rxc2 41. Rxd4 Rc3 42.
Kf4 Rxb3 43. Ke5 b5 44. Rxd5 bxa4 45. Ke6 a3 46. d4 Re3+ 47. Kf5 Rb3 48. Ke4 Rb5
 0-1

[Event "Pilsen Open 2023 - B FIDE open"]
[Site "Parkhotel Plzen ****, Plzen"]
[Date "2023.03.10"]
[Round "8"]
[Board "7"]
[White "Krilovs, Nikolajs"]
[Black "Chmelik, Ondrej"]
[Result "1-0"]
[WhiteElo "2102"]
[BlackElo "1921"]
[PlyCount "125"]
[EventDate "2023.03.04"]
[EventRounds "9"]
[EventCountry "CZE"]

1. d4 d5 2. c4 e6 3. Nc3 Nf6 4. Nf3 Nbd7 5. Bf4 Bb4 6. a3 Bxc3+ 7. bxc3 O-O 8. e3
Re8 9. Bd3 b6 10. cxd5 exd5 11. O-O Bb7 12. Qc2 c5 13. Ne5 c4 14. Bf5 g6 15. Nxd7
gxf5 16. Nxf6+ Qxf6 17. a4 Bc6 18. f3 Qe6 19. Kh1 f6 20. Ra2 Kf7 21. Qf2 Rg8 22.
Qh4 Rg7 23. Rb1 Rag8 24. Qh5+ Ke7 25. a5 b5 26. a6 Bd7 27. g3 Rc8 28. Qh3 Rc6 29.
Rxb5 Rxa6 30. Rxa6 Qxa6 31. Rxd5 Qb7 32. Rc5 Qxf3+ 33. Kg1 a6 34. Qf1 Qxf1+ 35. Kxf1
Rg8 36. Rc7 Rc8 37. Ra7 Rc6 38. Bc7 h5 39. Kf2 Be6 40. Ba5+ Ke8 41. Kf3 Bd5+ 42.
Kf4 Be4 43. Rh7 Rd6 44. Rxh5 Rd5 45. Bb4 a5 46. Bc5 a4 47. Rh7 Bc2 48. h4 Rd7 49.
Rxd7 Kxd7 50. h5 Ke8 51. d5 a3 52. Bxa3 Kf7 53. d6 Ba4 54. Kxf5 Bd7+ 55. Kf4 f5 56.
Kg5 Kg7 57. Bc5 Kh7 58. Kf6 Kh6 59. Ke7 Ba4 60. d7 Bxd7 61. Kxd7 Kxh5 62. Ke6 Kg4
63. Bd6  1-0

[Event "Pilsen Open 2023 - B FIDE open"]
[Site "Parkhotel Plzen ****, Plzen"]
[Date "2023.03.10"]
[Round "8"]
[Board "8"]
[White "Lihotsky, Lukas"]
[Black "Weijers, Ralf"]
[Result "1-0"]
[WhiteElo "2053"]
[BlackElo "1890"]
[PlyCount "115"]
[EventDate "2023.03.04"]
[EventRounds "9"]
[EventCountry "CZE"]

1. d4 Nf6 2. c4 g6 3. Nc3 Bg7 4. e4 d6 5. Nf3 O-O 6. Be2 Nbd7 7. O-O e5 8. Be3 h6
9. d5 Ne8 10. Ne1 f5 11. f3 f4 12. Bf2 Bf6 13. b4 Bh4 14. g3 Qg5 15. Kg2 Ndf6 16.
Nd3 Nh5 17. Qe1 fxg3 18. hxg3 Nf4+ 19. Nxf4 exf4 20. Rh1 Bxg3 21. Bxg3 Qxg3+ 22.
Qxg3 fxg3 23. Kxg3 Kg7 24. f4 g5 25. fxg5 hxg5 26. Rh5 Nf6 27. Rxg5+ Kh6 28. Kh4
Bd7 29. Rag1 Rg8 30. Rxg8 Nxg8 31. Kg3 Nf6 32. Kf4 Rf8 33. Ke3 Be8 34. a4 a6 35.
a5 Nd7 36. Nd1 Bg6 37. Nf2 Re8 38. Bd3 Kg7 39. Kd4 Ne5 40. Be2 Rh8 41. Ng4 Rh4 42.
c5 Kf7 43. Rf1+ Ke7 44. Rf4 Bh5 45. Nxe5 dxe5+ 46. Kxe5 Rxf4 47. Bxh5 Rh4 48. Bg6
Rh6 49. Bf5 Kd8 50. d6 cxd6+ 51. cxd6 Rh1 52. Kd5 Rb1 53. Kc5 Rc1+ 54. Kd5 Rb1 55.
e5 Rxb4 56. e6 Rb5+ 57. Ke4 Rxa5 58. e7+  1-0

[Event "Pilsen Open 2023 - B FIDE open"]
[Site "Parkhotel Plzen ****, Plzen"]
[Date "2023.03.10"]
[Round "8"]
[Board "9"]
[White "Bergerhoff, Andreas"]
[Black "Hosnedl, Jiri"]
[Result "1/2-1/2"]
[WhiteElo "2016"]
[BlackElo "1864"]
[PlyCount "34"]
[EventDate "2023.03.04"]
[EventRounds "9"]
[EventCountry "CZE"]

1. d4 d5 2. Nc3 Nf6 3. Bf4 e6 4. e3 a6 5. Nf3 Nbd7 6. Ne5 c5 7. Be2 cxd4 8. exd4
Bb4 9. O-O O-O 10. Qd3 Nxe5 11. Bxe5 Bd7 12. Qg3 Rc8 13. Rfd1 g6 14. Rd3 Bxc3 15.
Qh4 Nh5 16. Qxh5 f6 17. Rg3 fxe5  1/2-1/2

[Event "Pilsen Open 2023 - B FIDE open"]
[Site "Parkhotel Plzen ****, Plzen"]
[Date "2023.03.10"]
[Round "8"]
[Board "10"]
[White "Tavernier, Loris"]
[Black "Schindele, Andreas"]
[Result "1-0"]
[WhiteElo "2006"]
[BlackElo "1856"]
[PlyCount "47"]
[EventDate "2023.03.04"]
[EventRounds "9"]
[EventCountry "CZE"]

1. e4 c6 2. d4 d5 3. e5 c5 4. dxc5 e6 5. a3 Bxc5 6. b4 Bf8 7. Nf3 Ne7 8. Bd3 g6 9.
O-O Bg7 10. Bb2 O-O 11. Qe2 a6 12. Nbd2 Nbc6 13. Rfd1 Qc7 14. Nf1 b6 15. h4 Bb7 16.
N1h2 Rfd8 17. Ng4 b5 18. Nf6+ Kh8 19. Ng5 Bxf6 20. Nxf7+ Kg8 21. Nh6+ Kf8 22. exf6
Nf5 23. Bxf5 exf5 24. Qe6  1-0

[Event "Pilsen Open 2023 - B FIDE open"]
[Site "Parkhotel Plzen ****, Plzen"]
[Date "2023.03.10"]
[Round "8"]
[Board "11"]
[White "Paldus, Petr"]
[Black "Levitan, Judah Nathan"]
[Result "1/2-1/2"]
[WhiteElo "1984"]
[BlackElo "1733"]
[PlyCount "113"]
[EventDate "2023.03.04"]
[EventRounds "9"]
[EventCountry "CZE"]

1. e4 c5 2. c4 e6 3. Nc3 Nc6 4. Nf3 Nf6 5. d4 cxd4 6. Nxd4 Bb4 7. Nxc6 dxc6 8. Qxd8+
Kxd8 9. f3 e5 10. Be3 Be6 11. O-O-O+ Kc7 12. Na4 b6 13. a3 Be7 14. Be2 Nd7 15. Kc2
Rhd8 16. b4 Rab8 17. f4 f6 18. f5 Bf7 19. Kc3 Rb7 20. Rd2 b5 21. Nb2 a5 22. cxb5
axb4+ 23. axb4 cxb5 24. Ra1 Kb8 25. Nd3 Rc8+ 26. Kb2 Bc4 27. Rc2 Nb6 28. Bc5 Bxd3
29. Bxd3 Bxc5 30. bxc5 Na4+ 31. Kb1 Nxc5 32. Be2 Nxe4 33. Rxc8+ Kxc8 34. Bd3 Nc5
35. Ra8+ Rb8 36. Rxb8+ Kxb8 37. Bxb5 Kc7 38. Kc2 Ne4 39. Be2 Kd6 40. Kd3 Ng5 41.
Ke3 Kc5 42. Bh5 g6 43. fxg6 hxg6 44. Bxg6 Ne6 45. g3 Ng7 46. h4 f5 47. Kf3 Kd4 48.
h5 Ne6 49. Bxf5 Ng5+ 50. Ke2 Nf7 51. g4 e4 52. Be6 Ng5 53. Bf5 Nf7 54. Bg6 Ne5 55.
g5 Nf3 56. Bxe4 Nxg5 57. Bf3  1/2-1/2

[Event "Pilsen Open 2023 - B FIDE open"]
[Site "Parkhotel Plzen ****, Plzen"]
[Date "2023.03.11"]
[Round "9"]
[Board "1"]
[White "Marynychenko, Yehor"]
[Black "Kulkarni, Bhakti"]
[Result "0-1"]
[WhiteElo "1620"]
[BlackElo "2303"]
[PlyCount "70"]
[EventDate "2023.03.04"]
[EventRounds "9"]
[EventCountry "CZE"]

1. e4 e6 2. d4 d5 3. Nd2 dxe4 4. Nxe4 Nd7 5. Nf3 Ngf6 6. Bg5 Be7 7. Nxf6+ Bxf6 8.
Bxf6 Qxf6 9. Bd3 O-O 10. O-O e5 11. dxe5 Nxe5 12. Nxe5 Qxe5 13. c3 Be6 14. Qc2 g6
15. Rfe1 Qg5 16. Re3 Kg7 17. Rae1 Rad8 18. Rg3 Qf4 19. h4 Bc4 20. Bxc4 Qxc4 21. h5
Rfe8 22. Qc1 Rxe1+ 23. Qxe1 Qd5 24. Qe3 Qxh5 25. Rh3 Qd1+ 26. Kh2 Qd6+ 27. g3 Qd2
28. Qe5+ Kg8 29. Qf6 Rd6 30. Qf3 Kg7 31. Rh4 g5 32. Rh5 h6 33. Kg2 Rf6 34. Qe3 Qxe3
35. fxe3 Rd6  0-1

[Event "Pilsen Open 2023 - B FIDE open"]
[Site "Parkhotel Plzen ****, Plzen"]
[Date "2023.03.11"]
[Round "9"]
[Board "2"]
[White "Heinzel, Olaf"]
[Black "Eret, Jonas"]
[Result "1/2-1/2"]
[WhiteElo "2284"]
[BlackElo "2196"]
[PlyCount "57"]
[EventDate "2023.03.04"]
[EventRounds "9"]
[EventCountry "CZE"]

1. Nf3 Nf6 2. g3 b6 3. Bg2 Bb7 4. O-O c5 5. c4 g6 6. b3 Bg7 7. Bb2 O-O 8. Nc3 Nc6
9. d4 Nxd4 10. Nxd4 Bxg2 11. Kxg2 cxd4 12. Qxd4 Ne8 13. Qd2 Nc7 14. Rad1 d6 15. Nd5
Nxd5 16. Bxg7 Kxg7 17. Qxd5 Qc7 18. h4 Qc5 19. Qe4 Rfe8 20. Rd5 Qc8 21. h5 Qe6 22.
Qd3 Rac8 23. Rh1 Rc5 24. hxg6 hxg6 25. Qd4+ Qf6 26. Qd2 Rh8 27. Rxh8 Kxh8 28. Rxc5
dxc5 29. Qd7  1/2-1/2

[Event "Pilsen Open 2023 - B FIDE open"]
[Site "Parkhotel Plzen ****, Plzen"]
[Date "2023.03.11"]
[Round "9"]
[Board "3"]
[White "Chinguun, Bayaraa"]
[Black "Simet, Martin"]
[Result "1/2-1/2"]
[WhiteElo "2013"]
[BlackElo "2201"]
[PlyCount "78"]
[EventDate "2023.03.04"]
[EventRounds "9"]
[EventCountry "CZE"]

1. d4 Nf6 2. Nf3 e6 3. c4 Bb4+ 4. Bd2 Qe7 5. g3 O-O 6. Bg2 d5 7. Qb3 Nc6 8. a3 Bxd2+
9. Nbxd2 b6 10. O-O Bb7 11. Rac1 Rfd8 12. c5 Ne4 13. Qd3 bxc5 14. dxc5 Nxd2 15. Qxd2
a5 16. Nd4 a4 17. Rfe1 Nxd4 18. Qxd4 Bc6 19. f4 Rab8 20. e3 Rb3 21. Rc2 Qf6 22. Ree2
Rdb8 23. Red2 h6 24. Bf1 Qe7 25. Bg2 f6 26. f5 exf5 27. Bxd5+ Bxd5 28. Qxd5+ Kh8
29. Qxf5 Rxe3 30. Rd7 Qe8 31. Qg4 g6 32. Rcd2 Re4 33. Qf3 Qe5 34. R7d5 Qe7 35. c6
Re8 36. Rf2 f5 37. Qc3+ Qg7 38. Qxg7+ Kxg7 39. Rd7+ R8e7  1/2-1/2

[Event "Pilsen Open 2023 - B FIDE open"]
[Site "Parkhotel Plzen ****, Plzen"]
[Date "2023.03.11"]
[Round "9"]
[Board "4"]
[White "Lihotsky, Lukas"]
[Black "Wojtczak, Maciej"]
[Result "1-0"]
[WhiteElo "2053"]
[BlackElo "2242"]
[PlyCount "37"]
[EventDate "2023.03.04"]
[EventRounds "9"]
[EventCountry "CZE"]

1. d4 Nf6 2. c4 g6 3. Nc3 Bg7 4. e4 d6 5. Be2 c5 6. d5 O-O 7. Nf3 b5 8. cxb5 a6 9.
O-O axb5 10. Bxb5 Ba6 11. Qc2 Bxb5 12. Nxb5 Qb6 13. a4 Na6 14. Bd2 Nc7 15. Nxc7 Qxc7
16. Bc3 Rfb8 17. Nd2 Nd7 18. Nc4 Nb6 19. Ba5  1-0

[Event "Pilsen Open 2023 - B FIDE open"]
[Site "Parkhotel Plzen ****, Plzen"]
[Date "2023.03.11"]
[Round "9"]
[Board "5"]
[White "Folkova, Martina"]
[Black "Zubova, Mariya"]
[Result "1/2-1/2"]
[WhiteElo "2044"]
[BlackElo "2226"]
[PlyCount "85"]
[EventDate "2023.03.04"]
[EventRounds "9"]
[EventCountry "CZE"]

1. e4 e5 2. Nf3 Nc6 3. Bb5 g6 4. d4 exd4 5. Bg5 Be7 6. Bxe7 Qxe7 7. O-O Nf6 8. e5
Nh5 9. c3 d3 10. Nbd2 b6 11. Re1 Bb7 12. Bxd3 O-O 13. Be4 Rad8 14. Qa4 a6 15. Bxc6
dxc6 16. Qe4 Ng7 17. h3 Ne6 18. Qe3 c5 19. Qh6 Rfe8 20. Ne4 Bxe4 21. Rxe4 Qf8 22.
Qe3 Ng7 23. Re1 Nf5 24. Qe2 b5 25. Nh2 h5 26. g4 Ng7 27. Kh1 f5 28. exf6 Qxf6 29.
Nf3 Qc6 30. Kh2 Rf8 31. Kg3 Qf6 32. Ne5 h4+ 33. Kg2 c4 34. b3 cxb3 35. axb3 g5 36.
c4 b4 37. Nf3 Rde8 38. c5 Kh8 39. Qe3 Rxe4 40. Qxe4 Ne6 41. Re3 Nf4+ 42. Kh2 a5 43.
Qe5  1/2-1/2

[Event "Pilsen Open 2023 - B FIDE open"]
[Site "Parkhotel Plzen ****, Plzen"]
[Date "2023.03.11"]
[Round "9"]
[Board "6"]
[White "Tavernier, Loris"]
[Black "Krilovs, Nikolajs"]
[Result "0-1"]
[WhiteElo "2006"]
[BlackElo "2102"]
[PlyCount "80"]
[EventDate "2023.03.04"]
[EventRounds "9"]
[EventCountry "CZE"]

1. e4 c6 2. d4 d5 3. e5 Bf5 4. Ne2 e6 5. Ng3 Bg6 6. h4 h6 7. h5 Bh7 8. Bd3 Bxd3 9.
Qxd3 c5 10. Be3 Nc6 11. c3 Rc8 12. Nd2 cxd4 13. Bxd4 Nxd4 14. Qxd4 Bc5 15. Qg4 Kf8
16. Nb3 Qg5 17. Qxg5 hxg5 18. Nxc5 Rxc5 19. O-O-O Ke7 20. Rhe1 Nh6 21. Kc2 a5 22.
f3 b5 23. Rd3 Nf5 24. Ne2 Rc4 25. g4 Nh4 26. Rg1 g6 27. b3 Rc5 28. f4 gxh5 29. gxh5
gxf4 30. Nxf4 d4 31. Rgd1 Rxc3+ 32. Rxc3 dxc3 33. Rd6 Rc8 34. Rb6 Nf3 35. Rb7+ Kf8
36. h6 Kg8 37. Nh5 Ne1+ 38. Kc1 Nd3+ 39. Kc2 Nb4+ 40. Kc1 c2  0-1

[Event "Pilsen Open 2023 - B FIDE open"]
[Site "Parkhotel Plzen ****, Plzen"]
[Date "2023.03.11"]
[Round "9"]
[Board "9"]
[White "Levitan, Judah Nathan"]
[Black "Bergerhoff, Andreas"]
[Result "1/2-1/2"]
[WhiteElo "1733"]
[BlackElo "2016"]
[PlyCount "69"]
[EventDate "2023.03.04"]
[EventRounds "9"]
[EventCountry "CZE"]

1. e4 c5 2. Nf3 e6 3. d4 cxd4 4. Nxd4 a6 5. Nc3 Qc7 6. Bd3 Nf6 7. O-O b5 8. Re1 Bb7
9. Bg5 b4 10. Na4 Qa5 11. Bxf6 gxf6 12. c3 Nc6 13. Bc2 Rg8 14. Re3 Nxd4 15. cxd4
Rc8 16. b3 Bd6 17. Bd3 Qg5 18. Bf1 Rg6 19. g3 h5 20. Bg2 h4 21. Nb6 hxg3 22. hxg3
Rc3 23. Nc4 Bb8 24. Qe1 Rxe3 25. Qxe3 f5 26. Qxg5 Rxg5 27. e5 Bxg2 28. Kxg2 f4 29.
Rh1 Rg8 30. Rh7 fxg3 31. fxg3 Ke7 32. Kf3 Rf8 33. Ke4 d5+ 34. exd6+ Bxd6 35. g4  1/2-1/2

[Event "Pilsen Open 2023 - B FIDE open"]
[Site "Parkhotel Plzen ****, Plzen"]
[Date "2023.03.11"]
[Round "9"]
[Board "10"]
[White "Paldus, Petr"]
[Black "Auwens, Michel"]
[Result "1/2-1/2"]
[WhiteElo "1984"]
[BlackElo "1835"]
[PlyCount "60"]
[EventDate "2023.03.04"]
[EventRounds "9"]
[EventCountry "CZE"]

1. e4 Nf6 2. e5 Nd5 3. Nc3 Nb6 4. d4 d6 5. exd6 cxd6 6. Nf3 Bg4 7. Be2 e6 8. Ne4
Bh5 9. Ng3 Bg6 10. h4 h6 11. h5 Bh7 12. Bd3 Bxd3 13. Qxd3 Be7 14. c4 a5 15. Bd2 N8d7
16. O-O O-O 17. Bc3 d5 18. c5 Na4 19. Rab1 Nxc3 20. bxc3 Qc7 21. Rb5 b6 22. cxb6
Nxb6 23. Rfb1 Rfb8 24. Ne5 Bf6 25. f4 Bxe5 26. fxe5 Nc4 27. Nf1 Rxb5 28. Rxb5 Qe7
29. Nd2 Nxd2 30. Qxd2 Qh4  1/2-1/2

[Event "Pilsen Open 2023 - B FIDE open"]
[Site "Parkhotel Plzen ****, Plzen"]
[Date "2023.03.11"]
[Round "9"]
[Board "11"]
[White "Gil, Arthur"]
[Black "Pozniak, Yunna"]
[Result "0-1"]
[WhiteElo "1956"]
[BlackElo "1685"]
[PlyCount "48"]
[EventDate "2023.03.04"]
[EventRounds "9"]
[EventCountry "CZE"]

1. e4 e6 2. d4 d5 3. exd5 exd5 4. Nf3 Nf6 5. c4 Nc6 6. Be2 Bb4+ 7. Nc3 dxc4 8. O-O
O-O 9. Bg5 h6 10. Bh4 Bg4 11. Qa4 Be7 12. Rfd1 Nd5 13. Nxd5 Bxh4 14. Ne3 Bxf3 15.
Bxf3 Nxd4 16. Bxb7 Rb8 17. Qxc4 Bf6 18. Nf5 Rxb7 19. Nxd4 Qc8 20. b4 Qg4 21. Rac1
Rd8 22. h3 Qe4 23. Qc6 Rxd4 24. Rxd4 Qxc6  0-1

[Event "Pilsen Open 2023 - B FIDE open"]
[Site "Parkhotel Plzen ****, Plzen"]
[Date "2023.03.11"]
[Round "9"]
[Board "12"]
[White "Vlk, Miloslav"]
[Black "Nagrocki, Marek"]
[Result "1-0"]
[WhiteElo "1945"]
[BlackElo "1734"]
[PlyCount "73"]
[EventDate "2023.03.04"]
[EventRounds "9"]
[EventCountry "CZE"]

1. c4 g6 2. Nc3 Bg7 3. g3 Nc6 4. Bg2 d6 5. e3 e5 6. Nge2 Bg4 7. O-O Nge7 8. h3 Be6
9. Nd5 Qd7 10. Qb3 Rb8 11. Qa4 O-O 12. Nxe7+ Nxe7 13. Qxd7 Bxd7 14. d4 b5 15. c5
b4 16. Rd1 dxc5 17. dxc5 Bb5 18. Kf1 f5 19. Ke1 Rfd8 20. Rxd8+ Rxd8 21. Bd2 e4 22.
Bxb4 Bxb2 23. Rb1 Be5 24. Bc3 Bxc3+ 25. Nxc3 Bc4 26. Rb7 Rd3 27. Nxe4 fxe4 28. Bxe4
Ra3 29. Rxc7 Kf8 30. Rb7 Bxa2 31. c6 Be6 32. Kd2 a5 33. Rb8+ Nc8 34. c7 Rb3 35. Bd5
Bxd5 36. Rxc8+ Kg7 37. Rb8  1-0